000 00457nam a2200181Ia 4500
008 240925s9999 xx 000 0 und d
020 _a71127038
082 _a651.74 MUR
100 _aMurphy ,Herta A.
245 0 _aEffective Business Communications
250 _a6th
260 _aNew York:
_bMcGraw-Hill
_c,1991.
300 _aVarious pages
_bNA
_fOriginal
500 _aIncludes Index
600 _aManagement
650 _aManagement
942 _cBK
999 _c6168
_d6168